[Event "Jm KP I 23-24 Rudice-Letovice"]
[Site "?"]
[Date "2024.02.04"]
[Round "42.3"]
[White "Matzner, Radomil"]
[Black "Moc, Roman"]
[Result "1/2-1/2"]
[WhiteElo "1744"]
[BlackElo "1917"]
[PlyCount "55"]
[EventDate "2023.10.22"]

1. d4 Nf6 2. Nf3 e6 3. Bg5 d5 4. e3 Nbd7 5. Bd3 c5 6. O-O c4 7. Be2 Be7 8. b3
cxb3 9. cxb3 O-O 10. Nbd2 b6 11. Rc1 Bb7 12. Ne5 Rc8 13. f4 Rxc1 14. Qxc1 Ne4
15. Bxe7 Qxe7 16. Nxe4 Nxe5 17. fxe5 dxe4 18. Qd2 Rc8 19. Bc4 Bd5 20. Ba6 Rc7
21. Rc1 h6 22. Rxc7 Qxc7 23. h3 f6 24. exf6 gxf6 25. Qf2 Kg7 26. h4 Qd6 27. h5
Bc6 28. Be2 1/2-1/2

[Event "Jm KP I 23-24 Rudice-Letovice"]
[Site "?"]
[Date "2024.02.04"]
[Round "42.4"]
[White "Dvoracek, Filip"]
[Black "Hnilicka, Michal"]
[Result "1/2-1/2"]
[WhiteElo "1862"]
[BlackElo "1826"]
[PlyCount "96"]
[EventDate "2023.10.22"]

1. e4 e5 2. Nf3 Nc6 3. d4 exd4 4. Bc4 Nf6 5. O-O d5 (5... Nxe4 6. Re1 d5 7.
Bxd5 Qxd5 8. Nc3 Qc4 9. Nxe4 Be6 10. b3 Qd5 11. Bg5 Ba3 12. c4 Qd7 13. Bf6 O-O
14. Nxd4 Nxd4 15. Qxd4 Qxd4 16. Bxd4 b6 17. Rad1 Rfe8 18. f3 Bf5 19. Bc3 f6 20.
Kf1 Bxe4 21. fxe4 Rad8 22. Rd5 c6 23. Rxd8 Rxd8) 6. exd5 Nxd5 7. Nxd4 Bc5 8.
Re1+ Nce7 (8... Nde7 9. Nxc6 Qxd1 10. Rxd1 Nxc6 11. Nc3 O-O 12. Bf4 Bg4 13. Rd2
Rfd8 14. Rxd8+ Nxd8 15. Bxc7 Rc8 16. Nd5 Be6 17. Bxd8 Rxd8 18. Rd1 Kf8 19. Kf1
b6 20. b3 h6 21. Ne3 Rxd1+ 22. Nxd1 Bxc4+ 23. bxc4 Bd4 24. Ke2) 9. Nb3 Nb6 10.
Bxf7+ Kxf7 11. Qh5+ g6 12. Qxc5 Qd6 13. Qg5 h6 14. Qh4 Nf5 15. Qe4 Bd7 16. Bf4
Qd5 17. Nc3 Qxe4 18. Rxe4 Bc6 19. Re2 Nc4 20. Rae1 Rhe8 21. Rxe8 Rxe8 22. Rxe8
Kxe8 23. Bc1 Nh4 24. f3 g5 25. Nd4 Kd7 26. h3 Nd6 27. Kf2 Nhf5 28. Nce2 (28.
Nxc6 Kxc6 29. f4 gxf4 30. Bxf4 h5 31. Bxd6 Kxd6 32. Nb5+ Kd7 33. g4 hxg4 34.
hxg4 Ne7 35. Ke3 c6 36. Nd4 c5 37. Nb5 a6 38. Nc3 Nc6 39. Ke4 Nb4 40. g5 Nxc2
41. Na4 c4 42. Nc5+ Ke7 43. Nxb7 Nb4 44. a3 Nd3 45. b4) 28... Bd5 29. b3 c5 30.
Nxf5 Nxf5 31. Bb2 b5 32. Be5 Ke6 33. Bb8 a6 34. c3 a5 35. Nc1 Bc6 (35... c4 36.
Bc7 cxb3 37. axb3 a4 38. c4 Bc6 39. cxb5 Bxb5 40. g4 Ng7 41. bxa4 Bxa4 42. Nd3
Kf7 43. Ne5+ Kf6 44. Nc4 Ne6 45. Be5+ Kg6 46. Ba1 Nf4 47. Kg3 Nd3 48. Na3 h5
49. gxh5+ Kxh5) 36. Nd3 Kd5 37. Ne5 Be8 38. Ng4 Ke6 39. Bc7 a4 40. Ne5 axb3 41.
axb3 Ne7 42. c4 Nf5 43. Nd3 Kd7 44. Bb6 bxc4 45. bxc4 Nd6 46. Ne5+ (46. Bxc5
Nxc4 47. Bf8 Ke6 48. Bxh6 Kf6 49. g4 Kg6 50. Bf8 Ba4 51. f4 gxf4 52. Nxf4+ Kf7
53. Bc5 Ne5 54. Bd4 Ng6 55. Ng2 Nf8 56. h4 Ne6 57. Be3 Bd1 58. Kg3 Kg6 59. Ne1
Kh7 60. Nf3 Bc2 61. Ne5 Bb1) 46... Ke6 47. Ng4 Nxc4 48. Bxc5 Ne5 1/2-1/2

[Event "Jm KP I 23-24 Rudice-Letovice"]
[Site "?"]
[Date "2024.02.04"]
[Round "42.6"]
[White "Jacko, Tomas"]
[Black "Matuska, Jan"]
[Result "1/2-1/2"]
[WhiteElo "2017"]
[BlackElo "1850"]
[PlyCount "54"]
[EventDate "2023.10.22"]

1. d4 Nf6 2. Bf4 g6 3. Nc3 Bg7 4. e4 d6 5. Qd2 O-O 6. O-O-O Nc6 7. Bh6 e5 8.
Bxg7 Kxg7 9. Nge2 exd4 10. Nxd4 a6 11. f3 Qe8 12. Nf5+ Bxf5 13. exf5 Qe5 14.
Bd3 Nb4 15. fxg6 Nxd3+ 16. Qxd3 hxg6 17. Qc4 c6 18. Qb4 c5 19. Qb6 Rfd8 20.
Rhe1 Qf4+ 21. Kb1 Rd7 22. h3 Rad8 23. a3 Qg3 24. Re2 Qf4 25. Nd5 Nxd5 26. Rxd5
Qc4 27. Red2 Qf4 1/2-1/2

[Event "Jm KP I 23-24 Rudice-Letovice"]
[Site "?"]
[Date "2024.02.04"]
[Round "42.7"]
[White "Nejezchleb, Drahos"]
[Black "Marek, Jiri"]
[Result "1/2-1/2"]
[WhiteElo "1964"]
[BlackElo "1876"]
[PlyCount "74"]
[EventDate "2023.10.22"]

1. e4 c6 2. d4 d5 3. exd5 cxd5 4. c3 Nc6 5. Nf3 Nf6 6. Bf4 g6 7. Bd3 Bg7 8.
Nbd2 O-O 9. O-O Bg4 10. h3 Bxf3 11. Nxf3 Rc8 12. Re1 a6 13. Qd2 Re8 14. Ne5 Nd7
15. Nxd7 Qxd7 16. Re2 e6 17. Rae1 b5 18. a3 Na5 19. Qd1 Nc4 20. Bxc4 Rxc4 21.
Qd2 Rec8 22. Bh6 a5 23. Bxg7 Kxg7 24. Re3 Qd6 25. Rd3 b4 26. axb4 axb4 27. Rc1
Qb6 28. Rc2 Qa6 29. Rc1 Qa5 30. g3 Qa2 31. Rc2 Rb8 32. Kg2 Qb3 33. Rc1 Qa2 34.
Rc2 Qb1 35. Rc1 bxc3 36. bxc3 Qb2 37. Rc2 Qb1 1/2-1/2

[Event "Jm KP I 23-24 Rudice-Letovice"]
[Site "?"]
[Date "2024.02.04"]
[Round "42.8"]
[White "Kulhavy, Frantisek"]
[Black "Toulec, Richard"]
[Result "1-0"]
[WhiteElo "1823"]
[BlackElo "1680"]
[PlyCount "47"]
[EventDate "2023.10.22"]

1. e4 c5 2. c3 e6 3. Nf3 d5 4. Bb5+ Bd7 5. Bxd7+ Nxd7 6. exd5 exd5 7. O-O Be7
8. Qb3 Ngf6 9. Qxb7 O-O 10. d4 cxd4 11. cxd4 Nb6 12. Ne5 Bd6 13. Bg5 h6 14. Bh4
g5 15. Bg3 Ne4 16. Nc6 Qf6 (16... Qc8 17. Ne7+ Bxe7 18. Qxe7 Qc6 19. Qc7 Rfc8
20. Qxc6 Rxc6 21. f3 Nxg3 22. hxg3 Rc2 23. b3 a5 24. Na3 Rd2 25. Nb5 a4 26. Nd6
h5 27. Rfc1 axb3 28. axb3 Rxa1 29. Rxa1 Rxd4) 17. Nc3 Nxc3 18. bxc3 Kh8 19.
Rae1 Rfc8 20. Bxd6 Qxd6 21. Ne5 Rc7 (21... Qc7 22. Nxf7+ Kg7 23. Qxc7 Rxc7 24.
Nd6 Kh7 25. Ne8 Rf7 26. Re6 Na4 27. Nf6+ Kg7 28. Nxd5 Rd8 29. Re5 Nb2 30. Ne7
Rd7 31. Nf5+ Kg6 32. g4 Nd3 33. Re3 Nf4 34. Rfe1 h5 35. Ne7+ Kh7 36. h3 Rf6 37.
a3 hxg4 38. hxg4) 22. Nxf7+ Rxf7 23. Qxf7 Nc4 (23... Qf8 24. Qg6 Qg7 25. Re8+
Rxe8 26. Qxe8+ Qg8 27. Qe7 Qg7 28. Qd8+ Qg8 29. Qd6 Qe8 30. Qxh6+ Kg8 31. Qxg5+
Kf8 32. Qh6+ Kg8 33. h4 Qe4 34. h5 Na4 35. Qg5+ Kh7 36. f3 Qe8 37. Rb1 Nb6 38.
Kf2 Qf7 39. Re1 Nc4) 24. Re7 1-0

[Event "Jm KP I 23-24 Loko Brno A - Letovice"]
[Site "?"]
[Date "2024.02.18"]
[Round "43.1"]
[White "Volak, Simon"]
[Black "Havel, Jan"]
[Result "1-0"]
[WhiteElo "2111"]
[BlackElo "1630"]
[PlyCount "57"]

1. e4 d6 2. d4 Nf6 3. Nc3 c6 4. f4 Bg4 5. Nf3 Nbd7 6. e5 dxe5 7. fxe5 Nd5 8.
Bd3 e6 9. O-O Be7 10. Kh1 Qc7 11. a3 O-O-O 12. Ne4 h6 13. c4 N5b6 14. c5 Nd5
15. Nd6+ Bxd6 16. exd6 Qb8 17. h3 Bxf3 18. Qxf3 N7f6 19. Bf4 Kd7 20. Be5 Rdf8
21. b4 Qd8 22. b5 Qa5 23. a4 Ra8 24. Bc4 Qd8 25. Bxd5 exd5 26. Qf5+ Ke8 27.
Bxf6 Qxf6 28. Rae1+ Kf8 29. Qd7 1-0

[Event "Jm KP I 23-24 Loko Brno A - Letovice"]
[Site "?"]
[Date "2024.02.18"]
[Round "43.2"]
[White "Handl, Martin"]
[Black "Kratochvil, Karel"]
[Result "1/2-1/2"]
[WhiteElo "1990"]
[BlackElo "2169"]
[PlyCount "40"]

1. e4 e5 2. Nf3 Nf6 3. Nc3 Bb4 4. Bc4 d6 5. d3 O-O 6. h3 Nc6 7. O-O Qe7 8. Bd2
Nd8 9. Nd5 Nxd5 10. Bxd5 Bxd2 11. Qxd2 c6 12. Bb3 h6 13. d4 Qf6 14. dxe5 dxe5
15. Kh2 g5 16. Qe3 Re8 17. Kg1 Kg7 18. Nh2 h5 19. Qf3 Qxf3 20. Nxf3 f6 1/2-1/2

[Event "Jm KP I 23-24 Loko Brno A - Letovice"]
[Site "?"]
[Date "2024.02.18"]
[Round "43.3"]
[White "Meduna, Eduard"]
[Black "Moc, Martin"]
[Result "0-1"]
[WhiteElo "2111"]
[BlackElo "1938"]
[PlyCount "90"]
[EventDate "2024.??.??"]

1. e4 d5 2. exd5 Qxd5 3. Nc3 Qd8 4. g3 Nf6 5. Bg2 Bg4 6. Nf3 e6 7. O-O Be7 8.
h3 Bh5 9. d4 O-O 10. g4 Bg6 11. Ne5 Nd5 12. Ne2 c6 13. c4 Nb6 14. b3 N8d7 15.
Nxg6 hxg6 16. Bb2 Qc7 17. Qc2 e5 18. dxe5 Nxe5 19. f4 Ned7 20. f5 gxf5 21. Rxf5
Bf6 22. Raf1 Bxb2 23. Qxb2 Rae8 24. Nd4 Re5 25. a4 Rxf5 26. Nxf5 Ne5 27. a5
Nbd7 28. Qc3 Qd8 29. Rd1 Qf6 30. Rd6 Qg5 31. a6 bxa6 32. Bxc6 Nxc6 33. Rxc6 Re8
34. Rxa6 Ne5 35. Qe3 Qd8 36. Rd6 Qc7 37. Rd5 Re6 38. Qc5 Nf3+ 39. Kf2 Qf4 40.
Rd8+ Kh7 41. Rh8+ Kg6 42. Ne7+ Rxe7 43. Qxe7 Ne5+ 44. Ke2 Qe4+ 45. Kd2 Nf3+ 0-1

[Event "Jm KP I 23-24 Loko Brno A - Letovice"]
[Site "?"]
[Date "2024.02.18"]
[Round "43.4"]
[White "Moc, Roman"]
[Black "Cermak, Jan"]
[Result "1/2-1/2"]
[WhiteElo "1917"]
[BlackElo "2030"]
[PlyCount "147"]

1. e4 c6 2. Nf3 d5 3. Nc3 dxe4 4. Nxe4 Nf6 5. Nc3 g6 6. Bc4 Bg7 7. d3 Nbd7 8.
O-O O-O 9. Re1 Nb6 10. Bb3 Nfd5 11. Nxd5 cxd5 12. d4 Qc7 13. c3 Bf5 14. Ne5 f6
15. Ng4 a5 16. a3 g5 17. Ne3 Be6 18. Qf3 Qd7 19. Bc2 f5 20. Qh5 h6 21. g4 fxg4
22. Qg6 Rf6 23. Qh7+ Kf8 24. Nf1 Bf5 25. Bxf5 Qxf5 26. Qxf5 Rxf5 27. Ne3 Rf4
28. Bd2 Re8 29. Ng2 Rf6 30. Ne3 h5 31. Re2 e5 32. dxe5 Rxe5 33. Rae1 Rfe6 34.
Kf1 Bf6 35. Bc1 Ke8 36. Rd2 Kd7 37. Red1 Kc6 38. Rd3 Be7 39. Nc2 Rf6 40. Nd4+
Kd7 41. Re1 Rxe1+ 42. Kxe1 Rf7 43. f3 Bd6 44. fxg4 hxg4 45. Bxg5 Bxh2 46. Ne2
Bd6 47. Bh4 Rf5 48. Rd4 Nc4 49. Rxg4 Nxb2 50. Rg7+ Kc8 51. Rg8+ Rf8 52. Rxf8+
Bxf8 53. Nf4 d4 54. Ne6 Bxa3 55. Nxd4 Bd6 56. Kd2 Nc4+ 57. Kc2 b6 58. Bg5 Kb7
59. Kb3 Ne5 60. Ne6 Nd7 61. c4 Bc7 62. Be7 Bg3 63. Bg5 Ne5 64. Be3 a4+ 65. Kxa4
Nxc4 66. Bd4 Kc6 67. Bc3 Nd6 68. Kb3 Kd5 69. Nc7+ Kc6 70. Ne6 Ne4 71. Nd4+ Kc5
72. Ne2 Bf2 73. Bb4+ Kc6 74. Nf4 1/2-1/2

[Event "Jm KP I 23-24 Loko Brno A - Letovice"]
[Site "?"]
[Date "2024.02.18"]
[Round "43.5"]
[White "Straka, Vojtech"]
[Black "Pucalka, Vojtech"]
[Result "1-0"]
[WhiteElo "1984"]
[BlackElo "1836"]
[PlyCount "75"]

1. c4 Nf6 2. g3 g6 3. Bg2 Bg7 4. Nc3 O-O 5. d4 c6 6. e4 d6 7. Nge2 e5 8. d5 c5
9. O-O Bd7 10. f4 Ne8 11. f5 Na6 12. a3 Rb8 13. Be3 Qc8 14. Nb5 Ra8 15. g4 f6
16. Qd2 Nac7 17. Nxc7 Qxc7 18. b4 b6 19. b5 a5 20. bxa6 b5 21. Rfb1 bxc4 22.
Bf1 Rxa6 23. Nc3 Qa7 24. Qb2 Nc7 25. Bxc4 Ra5 26. Bc1 Ra8 27. Qb6 Bf8 28. Ra2
Kf7 29. Rf2 Be7 30. g5 Qxb6 31. Rxb6 gxf5 32. exf5 R5a7 33. Ne4 Ne8 34. gxf6
Nxf6 35. Ng5+ Ke8 36. Ne6 Bxe6 37. fxe6 Ra4 38. Bb5+ 1-0

[Event "Jm KP I 23-24 Loko Brno A - Letovice"]
[Site "?"]
[Date "2024.02.18"]
[Round "43.6"]
[White "Marek, Jiri"]
[Black "Dvoracek, Jan"]
[Result "1-0"]
[WhiteElo "1876"]
[BlackElo "1942"]
[PlyCount "68"]
[EventDate "2024.??.??"]

{[%evp 0,68,40,39,74,58,65,64,86,74,64,61,71,39,84,48,230,163,138,134,192,186,
286,265,239,211,203,182,226,201,190,194,209,124,145,146,141,86,82,71,77,75,75,
80,78,41,50,51,22,0,0,0,0,0,0,0,0,0,43,38,43,43,38,38,38,38,490,-59,-5,-24,
566]} 1. e4 1... d6 2. d4 Nf6 3. Nc3 g6 4. Bg5 Bg7 5. e5 dxe5 6. dxe5 Qxd1+ 7.
Rxd1 Ng4 8. Nd5 Bxe5 9. Nf3 Bd6 10. Bxe7 Kd7 11. Bxd6 cxd6 12. h3 Nh6 13. Bb5+
Nc6 14. O-O Kd8 15. Rfe1 Be6 16. Ng5 Bxd5 17. Rxd5 Kc7 18. g4 Rae8 19. Rxe8
Rxe8 20. Nxh7 Re1+ 21. Kg2 Rb1 22. Rd2 Rxb2 23. Bc4 b5 24. g5 Nf5 25. Bxf7 Nh4+
26. Kg3 Nf5+ 27. Kg2 Nh4+ 28. Kg3 Ne5 29. Bd5 Nf5+ 30. Kg2 Nh4+ 31. Kg3 Nf5+
32. Kh2 Rxa2 33. Re2 Ra4 34. Nf8 Rf4 1-0

[Event "Jm KP I 23-24 Loko Brno A - Letovice"]
[Site "?"]
[Date "2024.02.18"]
[Round "43.7"]
[White "Wunsch, Radek"]
[Black "Mizak, Jan"]
[Result "1/2-1/2"]
[WhiteElo "1949"]
[BlackElo "1842"]
[PlyCount "92"]

1. e4 c5 2. Nf3 d6 3. c3 g6 4. d4 cxd4 5. cxd4 Bg7 6. Nc3 Nc6 7. Be3 e6 8. Rc1
Nge7 9. d5 exd5 10. exd5 Ne5 11. Nxe5 Bxe5 12. Nb5 O-O 13. Nc7 Bf5 14. Nxa8
Qxa8 15. Bd3 Bxb2 16. Rc2 Bg7 17. O-O b6 18. Bxf5 Nxf5 19. Qd3 Nxe3 20. fxe3
Be5 21. g3 Qb7 22. Rfc1 b5 23. Rc7 Qb8 24. Qa3 Qa8 25. R1c6 a5 26. Qc1 b4 27.
Qc4 Qd8 28. Ra6 Qg5 29. Qe4 Qh5 30. Rc2 Qd1+ 31. Kg2 f5 32. Qc4 Bc3 33. Re2 a4
34. Rxd6 Rb8 35. Rc6 Rd8 36. d6+ Kh8 37. e4 Bd4 38. Rf2 Bxf2 39. Kxf2 Qd2+ 40.
Kf3 fxe4+ 41. Qxe4 Rf8+ 42. Kg4 Qd1+ 43. Kh3 Qf1+ 44. Kh4 Qf6+ 45. Kh3 Qf1+ 46.
Kh4 Qf6+ 1/2-1/2

[Event "Jm KP I 23-24 Loko Brno A - Letovice"]
[Site "?"]
[Date "2024.02.18"]
[Round "43.8"]
[White "Kulhavy, Frantisek"]
[Black "Zabloudil, Radek"]
[Result "*"]
[WhiteElo "1823"]
[BlackElo "1932"]
[PlyCount "114"]

1. e4 c5 2. c3 g6 3. Nf3 Bg7 4. d4 cxd4 5. cxd4 d6 6. Bb5+ Bd7 7. Bxd7+ Qxd7 8.
O-O Nf6 9. Nc3 O-O 10. h3 Nc6 11. Be3 Rfc8 12. a3 Na5 13. e5 Ne8 14. Ne4 Nc4
15. exd6 Nexd6 16. Nxd6 Qxd6 17. Qb3 b6 18. Rac1 Qd5 19. Nd2 Nxe3 20. fxe3 Qxb3
21. Nxb3 Bh6 22. Kf2 Kf8 23. Ke2 Ke8 24. Kd3 f5 25. Nd2 Kd7 26. Nf3 Kd6 27. Ne5
Bg7 28. Nf7+ Kd5 29. Ng5 e5 30. dxe5 Bxe5 31. Rb1 Rc7 32. Nf3 Rac8 33. Nxe5
Kxe5 34. Rf2 Rd7+ 35. Ke2 Rc2+ 36. Kf3 Rxf2+ 37. Kxf2 Rd2+ 38. Kf3 Rd3 39. g3
Rb3 40. h4 h6 41. Kf2 Ke4 42. Ke2 Rxe3+ 43. Kf2 Rf3+ 44. Kg2 Rb3 45. Re1+ Re3
46. Rc1 Re2+ 47. Kh3 Rxb2 48. Rc6 g5 49. hxg5 hxg5 50. Re6+ Kd5 51. Re7 a5 52.
Re3 a4 53. Rd3+ Ke4 54. Rc3 b5 55. Rc5 Rb3 56. Kg2 f4 57. Rxg5 Rxg3+ *

[Event "Jm KP I. 23-24 Duras B-Rudice"]
[Site "?"]
[Date "2024.02.18"]
[Round "44.1"]
[White "Tikovsky, Alexandr"]
[Black "Rada, Michal"]
[Result "1/2-1/2"]
[WhiteElo "2044"]
[BlackElo "2088"]
[PlyCount "43"]
[EventDate "2022.02.06"]

1. d4 d5 2. Nf3 Nf6 3. Bf4 e6 4. e3 Bd6 5. Nbd2 Bxf4 6. exf4 O-O 7. Bd3 c5 8.
dxc5 Qc7 9. g3 Qxc5 10. O-O Nc6 11. c3 b6 12. Re1 Bb7 13. Ne5 d4 14. Nb3 Qd6
15. cxd4 Rfd8 16. Be2 Nxd4 17. Nxd4 Qxd4 18. Qxd4 Rxd4 19. Rad1 Rad8 20. Rxd4
Rxd4 21. Rd1 Rxd1+ 22. Bxd1 1/2-1/2

[Event "Jm KP I. 23-24 Duras B-Rudice"]
[Site "?"]
[Date "2024.02.18"]
[Round "44.2"]
[White "Bohacek, Milan"]
[Black "Kredl, Karel"]
[Result "1-0"]
[WhiteElo "1998"]
[BlackElo "2061"]
[PlyCount "79"]
[EventDate "2022.02.06"]

1. c4 c6 2. Nc3 d5 3. cxd5 cxd5 4. d4 Nc6 5. Nf3 Nf6 6. e3 e6 7. Be2 Bd6 8. O-O
O-O 9. b3 a6 10. Bd2 b5 11. a4 b4 12. Na2 Bb7 13. Nc1 Qb6 14. Nd3 Ne4 15. Nfe5
Rfc8 16. f3 Nxd2 17. Qxd2 Na5 18. Rab1 f6 19. Nd7 Qc7 20. N7c5 Bxh2+ 21. Kh1
Bd6 22. Qxb4 Rab8 23. Rfc1 Nc6 24. Qd2 e5 25. Nxb7 Qxb7 26. dxe5 fxe5 27. Nc5
Qf7 28. Bxa6 Rd8 29. Nb7 Bb4 30. Qd3 Rxb7 31. Rxc6 Rbd7 32. Bc8 Rc7 33. Be6
Rxc6 34. Bxf7+ Kxf7 35. Qb5 Rh6+ 36. Kg1 Ba3 37. b4 Rh4 38. Qb7+ Kf8 39. Rb3
Bc1 40. Qc7 1-0

[Event "Jm KP I. 23-24 Duras B-Rudice"]
[Site "?"]
[Date "2024.02.18"]
[Round "44.3"]
[White "Tuma, Miroslav"]
[Black "Polach, Danes"]
[Result "1/2-1/2"]
[WhiteElo "1828"]
[BlackElo "1922"]
[PlyCount "21"]
[EventDate "2022.02.06"]

1. e4 c5 2. Nf3 d6 3. d4 cxd4 4. Nxd4 Nf6 5. Nc3 e6 6. Bg5 Be7 7. f4 h6 8. Bxf6
Bxf6 9. Bb5+ Nd7 10. Qd2 O-O 11. O-O-O 1/2-1/2

[Event "Jm KP I. 23-24 Duras B-Rudice"]
[Site "?"]
[Date "2024.02.18"]
[Round "44.4"]
[White "Hnilicka, Michal"]
[Black "Zavadil, Michal"]
[Result "0-1"]
[WhiteElo "1826"]
[BlackElo "1989"]
[PlyCount "108"]
[EventDate "2022.02.06"]

1. e4 e6 2. d4 d5 3. e5 c5 4. Nc3 cxd4 5. Nb5 Nc6 6. Nf3 Bb4+ 7. c3 dxc3 8.
bxc3 Bc5 9. Bd3 a6 10. Nbd4 Nxd4 11. cxd4 Qa5+ 12. Bd2 Bb4 13. O-O Ne7 14. Re1
Nc6 15. Re2 Bxd2 16. Rxd2 Qd8 17. Rb1 f6 18. Rdb2 O-O 19. Rb6 fxe5 20. dxe5 Qe7
21. Qc2 g6 22. R1b3 Qg7 23. Qe2 Nd8 24. Nd4 Bd7 25. Qe3 Rc8 26. g3 Qe7 27. Qh6
Qc5 28. Qe3 Qc1+ 29. Qxc1 Rxc1+ 30. Kg2 Rd1 31. f4 Rd2+ 32. Kf3 Nc6 33. Nxc6
Bxc6 34. Ke3 Rxa2 35. Rb2 Rxb2 36. Rxb2 Kf7 37. Rb6 Rc8 38. Kd4 Ke7 39. h4 Rc7
40. h5 Be8 41. h6 a5 42. g4 a4 43. g5 Bc6 44. Be2 Rc8 45. Bd3 Rf8 46. Ke3 d4+
47. Kxd4 Rxf4+ 48. Kc3 Rg4 49. Bxg6 hxg6 50. Rb4 Rxb4 51. Kxb4 Kf8 52. Ka3 b5
53. Kb4 Be8 54. Ka3 Bf7 0-1

[Event "Jm KP I. 23-24 Duras B-Rudice"]
[Site "?"]
[Date "2024.02.18"]
[Round "44.5"]
[White "Hyrs, Martin"]
[Black "Saida, Jan"]
[Result "1/2-1/2"]
[WhiteElo "1824"]
[BlackElo "1811"]
[PlyCount "61"]
[EventDate "2022.02.06"]

1. Nf3 Nf6 2. c4 g6 3. Nc3 Bg7 4. e4 O-O 5. d4 d6 6. Be2 e5 7. O-O Nc6 8. d5
Ne7 9. Bd2 Ne8 10. b4 f5 11. Ne1 f4 12. Nd3 Nf6 13. Rc1 a5 14. a3 g5 15. f3 h5
16. Nf2 Bd7 17. c5 axb4 18. axb4 Ne8 19. Ra1 Rxa1 20. Qxa1 Qb8 21. Qa2 Kh8 22.
Ra1 Nf6 23. h3 Rc8 24. Qa7 Ne8 25. Qxb8 Rxb8 26. Ra7 Nc8 27. Ra2 Kg8 28. Nd3
Nf6 29. Nf2 Ne8 30. Nd3 Nf6 31. Nf2 1/2-1/2

[Event "Jm KP I. 23-24 Duras B-Rudice"]
[Site "?"]
[Date "2024.02.18"]
[Round "44.6"]
[White "Matuska, Jan"]
[Black "Moulis, Rudolf"]
[Result "0-1"]
[WhiteElo "1850"]
[BlackElo "1822"]
[PlyCount "104"]
[EventDate "2022.02.06"]

1. e4 e5 2. Nf3 d6 3. d4 Nf6 4. Nc3 Nbd7 5. Bc4 Be7 6. O-O O-O 7. Bg5 c6 8.
dxe5 dxe5 9. Qe2 b5 10. Bb3 Qc7 11. a3 a5 12. Nh4 Nb6 13. Bxf6 Bxf6 14. Qh5 g6
15. Nxg6 hxg6 16. Qxg6+ Bg7 17. Ne2 Nc4 18. Bxc4 bxc4 19. Qh5 Be6 20. f4 exf4
21. Rxf4 Qe5 22. Qh4 Rad8 23. Ng3 Rd2 24. Raf1 Qd4+ 25. Kh1 Rd1 26. Nh5 Rxf1+
27. Rxf1 Qxb2 28. h3 Rb8 29. Rf3 Qa1+ 30. Kh2 Be5+ 31. Nf4 Kf8 32. g3 Bxf4 33.
Qxf4 Qb2 34. Rf2 Rc8 35. e5 Qxa3 36. Qf6 Ke8 37. h4 Qe7 38. Qf4 a4 39. h5 a3
40. c3 Rb8 41. h6 Qf8 42. Qf6 Rb2 43. Rxb2 axb2 44. h7 b1=Q 45. h8=Q Qc2+ 46.
Kg1 Qxh8 47. Qxh8+ Kd7 48. Qb8 Qd1+ 49. Kf2 Qd5 50. Qb7+ Ke8 51. Qa8+ Ke7 52.
Qb7+ Bd7 0-1

[Event "Jm KP I. 23-24 Duras B-Rudice"]
[Site "?"]
[Date "2024.02.18"]
[Round "44.7"]
[White "Fuchs, Ludek"]
[Black "Nejezchleb, Drahos"]
[Result "1-0"]
[WhiteElo "1853"]
[BlackElo "1964"]
[PlyCount "63"]
[EventDate "2022.02.06"]

1. d4 Nf6 2. c4 g6 3. Nc3 d5 4. cxd5 Nxd5 5. e4 Nxc3 6. bxc3 Bg7 7. Bc4 c5 8.
Ne2 O-O 9. O-O cxd4 10. Nxd4 Nc6 11. Be3 Na5 12. Bb3 Bd7 13. f4 e6 14. e5 Qc7
15. Rc1 Rfd8 16. Qe2 Bc6 17. Rfd1 b6 18. h4 Bf8 19. h5 Ba3 20. hxg6 hxg6 21.
Rc2 Nxb3 22. axb3 Bc5 23. Kf2 Kg7 24. Rh1 Rh8 25. Rcc1 Qb7 26. Qg4 Bxd4 27.
Bxd4 Rxh1 28. Rxh1 Rh8 29. Rxh8 Kxh8 30. f5 Be4 31. f6 Bf5 32. Qh4+ 1-0

[Event "Jm KP I. 23-24 Duras B-Rudice"]
[Site "?"]
[Date "2024.02.18"]
[Round "44.8"]
[White "Klinkovsky, Jiri"]
[Black "Luc, Martin"]
[Result "1/2-1/2"]
[WhiteElo "1620"]
[BlackElo "1583"]
[PlyCount "66"]
[EventDate "2022.02.06"]

1. e4 c5 2. Nf3 Nc6 3. d3 d6 4. Nc3 g6 5. Bd2 Bg7 6. Be2 e6 7. Qc1 Nd4 8. O-O
Bd7 9. Re1 b5 10. Bd1 Qc7 11. a3 Rb8 12. Bf4 Ne7 13. Nxd4 cxd4 14. Ne2 O-O 15.
Bh6 e5 16. Bxg7 Kxg7 17. Qg5 f6 18. Qd2 d5 19. Ng3 Rfc8 20. Qb4 Be6 21. f3 a5
22. Qd2 Nc6 23. Rf1 b4 24. a4 dxe4 25. fxe4 b3 26. cxb3 Bxb3 27. Bg4 Rf8 28. h4
Nb4 29. Rac1 Qe7 30. h5 Be6 31. Bxe6 Qxe6 32. Rc7+ Rf7 33. Rfc1 Rbf8 1/2-1/2

[Event "Jm KP I 23-24 Loko Brno B - Hodonin"]
[Site "?"]
[Date "2024.02.18"]
[Round "45.1"]
[White "Buchta, Vaclav"]
[Black "Havelka, Ondrej"]
[Result "1/2-1/2"]
[WhiteElo "2110"]
[BlackElo "2181"]
[PlyCount "71"]

1. Nf3 d5 2. g3 c6 3. Bg2 Bg4 4. c4 Nf6 5. O-O e6 6. b3 Nbd7 7. Bb2 Bd6 8. d4
Ne4 9. Nc3 f5 10. Nd2 Qg5 11. Ndxe4 fxe4 12. Bc1 Qe7 13. f3 exf3 14. Bxf3 Bh3
15. Bg2 Bxg2 16. Kxg2 O-O-O 17. Qc2 Kb8 18. e4 dxc4 19. bxc4 e5 20. d5 Bc5 21.
Rb1 Nb6 22. Na4 Nxa4 23. Qxa4 Rhf8 24. Bg5 Qxg5 25. Rxb7+ Kxb7 26. Qxc6+ Kb8
27. Rb1+ Bb6 28. Rxb6+ axb6 29. Qxb6+ Kc8 30. Qa6+ Kc7 31. Qa7+ Kc8 32. Qa8+
Kc7 33. Qc6+ Kb8 34. Qb6+ Ka8 35. Qa6+ Kb8 36. Qb6+ 1/2-1/2

[Event "Jm KP I 23-24 Loko Brno B - Hodonin"]
[Site "?"]
[Date "2024.02.18"]
[Round "45.2"]
[White "Pesak, Roman"]
[Black "Pribyl, Rene"]
[Result "1/2-1/2"]
[WhiteElo "1915"]
[BlackElo "1862"]
[PlyCount "20"]

1. e4 e5 2. Nf3 Nf6 3. Nc3 Nc6 4. Bb5 Bb4 5. O-O d6 6. d3 Bd7 7. Bd2 h6 8. h3
O-O 9. a3 Ba5 10. Nh2 Nd4 1/2-1/2

[Event "Jm KP I 23-24 Loko Brno B - Hodonin"]
[Site "?"]
[Date "2024.02.18"]
[Round "45.3"]
[White "Vesely, Jaromir"]
[Black "Provaznik, Michal"]
[Result "0-1"]
[WhiteElo "1847"]
[BlackElo "2076"]
[PlyCount "56"]

1. d4 Nf6 2. c4 e6 3. Nc3 Bb4 4. e3 O-O 5. Bd3 b6 6. Nge2 Bb7 7. O-O d5 8. a3
Be7 9. b4 a5 10. b5 Nbd7 11. Bb2 Bd6 12. Ng3 Re8 13. e4 Bxg3 14. hxg3 dxe4 15.
Bc2 e5 16. Re1 exd4 17. Qxd4 Nc5 18. Nd5 Bxd5 19. cxd5 Qxd5 20. Qc3 Rad8 21.
Rad1 Qg5 22. Rxd8 Rxd8 23. Qe5 Qd2 24. Qc3 Qh6 25. Bd1 Rd3 26. Qe5 Qd2 27. Rf1
e3 28. fxe3 Nce4 0-1

[Event "Jm KP I 23-24 Loko Brno B - Hodonin"]
[Site "?"]
[Date "2024.02.18"]
[Round "45.4"]
[White "Kladnak, Martin"]
[Black "Marsa, Alexandr"]
[Result "1/2-1/2"]
[WhiteElo "2044"]
[BlackElo "1934"]
[PlyCount "85"]

1. e4 e6 2. d4 d5 3. exd5 exd5 4. Nf3 Bd6 5. Bd3 Ne7 6. O-O Bg4 7. Re1 Nd7 8.
Bg5 O-O 9. Nbd2 Re8 10. Bh4 Nf8 11. h3 Bh5 12. g4 Bg6 13. Nf1 Qd7 14. Ne5 Bxe5
15. dxe5 Bxd3 16. Qxd3 Neg6 17. Bg3 Ne6 18. Qd2 c5 19. c3 Qc6 20. f4 Nc7 21. f5
Nf8 22. Qf2 Rad8 23. Rad1 Rd7 24. Nh2 b5 25. Nf3 a5 26. e6 fxe6 27. Ne5 Qb6 28.
Nxd7 Nxd7 29. fxe6 Nxe6 30. Rxd5 Ndf8 31. Rf1 Qb7 32. Rf5 Ng6 33. Bd6 Qc6 34.
Bxc5 Ngf4 35. Kh2 Rc8 36. Rxf4 Nxf4 37. Qxf4 Qxc5 38. Qf7+ Kh8 39. Qf5 Qd6+ 40.
Qf4 Qe7 41. Qf7 Qe5+ 42. Qf4 Qe7 43. Qf7 1/2-1/2

[Event "Jm KP I 23-24 Loko Brno B - Hodonin"]
[Site "?"]
[Date "2024.02.18"]
[Round "45.5"]
[White "Lisik, Miroslav"]
[Black "Travnicek, Petr"]
[Result "1/2-1/2"]
[WhiteElo "2078"]
[BlackElo "1779"]
[PlyCount "84"]

1. e4 c5 2. Nf3 Nc6 3. d4 cxd4 4. Nxd4 Nf6 5. Nc3 e5 6. Ndb5 d6 7. Bg5 a6 8.
Na3 b5 9. Nd5 Be7 10. Bxf6 Bxf6 11. c4 b4 12. Nc2 a5 13. Bd3 Bg5 14. O-O O-O
15. Nce3 g6 16. a3 bxa3 17. Rxa3 Rb8 18. Rb3 Bd7 19. Rxb8 Qxb8 20. Qd2 Qb3 21.
Rb1 Nd4 22. Bc2 Nxc2 23. Qxc2 Rb8 24. Qxb3 Rxb3 25. Nd1 Kf8 26. Kf1 f5 27. f3
fxe4 28. fxe4 a4 29. Ra1 Bd2 30. Ra3 Rxa3 31. bxa3 Bc1 32. N1c3 Bxa3 33. Nb6
Bc6 34. Nbxa4 Ke8 35. Nb6 Bc5 36. Nbd5 Kf7 37. Ke2 g5 38. g4 Bd7 39. h3 h5 40.
Kf3 hxg4+ 41. hxg4 Be6 42. Nb5 Bd7 1/2-1/2